000 00385nam a2200157Ia 4500
999 _c12624
_d12624
003 MAJU-Karachi
005 20240923124247.0
008 190802s9999 xx 000 0 und d
020 _a978-93-325-8670-3
040 _c123
100 _aJavaid Ahmed
245 0 _aFrom Rhetoric to Rigor in Management Practice
260 _aUSA
_bNew
_c2020
300 _a750:p
942 _cBK
_2ddc